Democracy, authority, and alienation in work : Workers' participation in an American corporation

Uloženo v:
Podrobná bibliografie
Hlavní autor: Witte, John F.
Médium: Kniha
Jazyk:Undetermined
Vydáno: Chicago University of Chicago Press 1980
Témata:
Tagy: Přidat tag
Žádné tagy, Buďte první, kdo otaguje tento záznam!
Thư viện lưu trữ: Trung tâm Học liệu Trường Đại học Cần Thơ
LEADER 00627nam a2200217Ia 4500
001 CTU_98536
008 210402s9999 xx 000 0 und d
082 |a 658.3152 
082 |b W828 
100 |a Witte, John F. 
245 0 |a Democracy, authority, and alienation in work : 
245 0 |b Workers' participation in an American corporation 
245 0 |c John F. Witte 
260 |a Chicago 
260 |b University of Chicago Press 
260 |c 1980 
650 |a Management 
650 |x Employee participation 
650 |z United States 
904 |i Năm 
980 |a Trung tâm Học liệu Trường Đại học Cần Thơ